26th International cosmic ray conference (Record no. 13745)

MARC details
000 -LEADER
fixed length control field 00965nam a2200217Ia 4500
003 - CONTROL NUMBER IDENTIFIER
control field IN-BaIIA
008 - FIXED-LENGTH DATA ELEMENTS--GENERAL INFORMATION
fixed length control field 211028s9999 xx 000 0 eng d
020 ## - INTERNATIONAL STANDARD BOOK NUMBER
International Standard Book Number 1-56396-939-4
040 ## - CATALOGING SOURCE
Transcribing agency IIA Library
080 ## - UNIVERSAL DECIMAL CLASSIFICATION NUMBER
Universal Decimal Classification number 524.1(082.2)
Item number COS
111 ## - MAIN ENTRY--MEETING NAME
Meeting name or jurisdiction name as entry element International Conference on Cosmic Ray, Invited, Rapporteur and Highlight Papers
Number of part/section/meeting 26
Location of meeting Utah, USA
Date of meeting or treaty signing 1999 Aug. 17-25
9 (RLIN) 24155
245 #0 - TITLE STATEMENT
Title 26th International cosmic ray conference
Remainder of title proceedings of international conference on cosmic ray, invited, rapporteur and highlight papers, held in Utah, USA, 17-25 Aug 1999
Statement of responsibility, etc. edited by B. L. Dingus, D. B. Kieda and M. H. Salamon
260 ## - PUBLICATION, DISTRIBUTION, ETC.
Place of publication, distribution, etc. Melville
Name of publisher, distributor, etc. American Institute of Physics
Date of publication, distribution, etc. 2000
300 ## - PHYSICAL DESCRIPTION
Extent xvii, 407p.
490 ## - SERIES STATEMENT
Series statement AIP conference proceedings; vol. 516
650 ## - SUBJECT ADDED ENTRY--TOPICAL TERM
Topical term or geographic name entry element Cosmic rays
700 ## - ADDED ENTRY--PERSONAL NAME
Personal name Dingus, B. L., ed.
9 (RLIN) 24156
700 ## - ADDED ENTRY--PERSONAL NAME
Personal name Kieda, D. B., ed.
9 (RLIN) 24157
700 ## - ADDED ENTRY--PERSONAL NAME
Personal name Salamon, M. H., ed.
9 (RLIN) 24158
942 ## - ADDED ENTRY ELEMENTS (KOHA)
Koha item type Books
Holdings
Withdrawn status Lost status Damaged status Not for loan Home library Current library Shelving location Date acquired Total Checkouts Full call number Barcode Date last seen Price effective from Koha item type
        IIA Library-Bangalore IIA Library-Bangalore General Stacks     524.1(082.2)/ COS 14664 05/11/2021   Books

Powered by Koha